ARRUPE JESUIT UNIVERSITY

CORONAVIRUS -STOP THE SPREAD - CLEAN,DISINFECT,COVER

From Descartes to Hume : (Record no. 93777)

MARC details
000 -LEADER
fixed length control field 00939pam a2200277 i 4500
001 - CONTROL NUMBER
control field 3246366
003 - CONTROL NUMBER IDENTIFIER
control field ARRUPE
005 - DATE AND TIME OF LATEST TRANSACTION
control field 20170718112818.0
008 - FIXED-LENGTH DATA ELEMENTS--GENERAL INFORMATION
fixed length control field 810105s1981 nyu b 001 0 eng
010 ## - LIBRARY OF CONGRESS CONTROL NUMBER
LC control number 80069826
020 ## - INTERNATIONAL STANDARD BOOK NUMBER
International Standard Book Number 0801412897
040 ## - CATALOGING SOURCE
Original cataloging agency DLC
Transcribing agency DLC
Modifying agency DLC
043 ## - GEOGRAPHIC AREA CODE
Geographic area code e------
050 00 - LIBRARY OF CONGRESS CALL NUMBER
Classification number B801
Item number .L63
082 00 - DEWEY DECIMAL CLASSIFICATION NUMBER
Classification number 110/.9/032
Edition number 19
300 ## - PHYSICAL DESCRIPTION
Dimensions 24 cm.
100 1# - MAIN ENTRY--PERSONAL NAME
Personal name Loeb, Louis E.
9 (RLIN) 33151
245 10 - TITLE STATEMENT
Title From Descartes to Hume :
Remainder of title continental metaphysics and the development of modern philosophy /
Statement of responsibility, etc Louis E. Loeb.
260 ## - PUBLICATION, DISTRIBUTION, ETC. (IMPRINT)
Place of publication, distribution, etc Ithaca, N.Y. :
Name of publisher, distributor, etc Cornell University Press,
Date of publication, distribution, etc c1981.
300 ## - PHYSICAL DESCRIPTION
Extent 382 p. ;
500 ## - GENERAL NOTE
General note Includes index.
504 ## - BIBLIOGRAPHY, ETC. NOTE
Bibliography, etc Bibliography: p. [365]-373.
650 #0 - SUBJECT ADDED ENTRY--TOPICAL TERM
Topical term or geographic name as entry element Philosophy, Modern
Chronological subdivision 17th century.
9 (RLIN) 33133
650 #0 - SUBJECT ADDED ENTRY--TOPICAL TERM
Topical term or geographic name as entry element Metaphysics
General subdivision History
Chronological subdivision 17th century.
9 (RLIN) 33152
906 ## - LOCAL DATA ELEMENT F, LDF (RLIN)
a 7
b cbc
c orignew
d 1
e opcn
f 19
g y-gencatlg
942 ## - ADDED ENTRY ELEMENTS (KOHA)
Source of classification or shelving scheme Library of Congress Classification
Koha item type Monograph ( Printed materials)
Holdings
Withdrawn status Lost status Source of classification or shelving scheme Damaged status Not for loan Collection code Home library Current library Shelving location Date acquired Total Checkouts Full call number Barcode Date last seen Date checked out Copy number Price effective from Koha item type
    Library of Congress Classification     Main Collection ARRUPE LIBRARY ARRUPE LIBRARY   07/03/2013 3 B801.L63 1981 46003088810 07/03/2016 22/02/2016 1 07/03/2013 Monograph ( Printed materials)

 

Arrupe Library. PO Box MP320 Mt Pleasant, Harare, Zimbabwe
263 242 745411|librarian@aju.ac.zw